000 00545nam a2200205Ia 4500
005 20250923145338.0
008 008 250917s9999 xx 000 0 eng d
037 _aTextual
040 _aDSWL
_beng
_cDSWL
041 _aeng
_2eng
084 _qDSWL
100 _aSen, Jyoti
_9834313
245 0 _aCommunity Development in Chota Nagpur
_c by Jyoti Sen
260 _aCalcutta
_bThe Asiatic Society
_c1968
300 _avii,100p.
365 _aINR
_b14 . 40
925 _g14 . 40
942 _cTEXL
999 _c1450266
_d1450266